L'alimentation en Europe à l'époque moderne : 1500-1850 (notice n° 2198718)

détails MARC
000 -LEADER
fixed length control field 01615cam a2200133 4500500
005 - DATE AND TIME OF LATEST TRANSACTION
control field 20260405085600.0
041 ## - LANGUAGE CODE
Language code of text/sound track or separate title fre
042 ## - AUTHENTICATION CODE
Authentication code dc
100 10 - MAIN ENTRY--PERSONAL NAME
Personal name Meyzie, Philippe
Relator term author
245 00 - TITLE STATEMENT
Title L'alimentation en Europe à l'époque moderne : 1500-1850
260 ## - PUBLICATION, DISTRIBUTION, ETC.
Name of publisher, distributor, etc. Armand Colin,<br/>
Date of publication, distribution, etc. 2010.<br/>
520 ## - SUMMARY, ETC.
Summary, etc. De la découverte des produits du Nouveau Monde à la naissance du restaurant, l’alimentation en Europe connaît de profondes transformations entre le XVIe et le XIXe siècle. C’est pendant cette période que la culture alimentaire européenne, c’est-à-dire l’ensemble des valeurs et des pratiques liées à l’alimentation et partagées par une large partie de la population, change grâce à l’essor de la circulation des produits et des modes, aux progrès de l’agriculture, à la libération de la gourmandise et aux nouveaux besoins de consommation. Cet ouvrage s’intéresse donc à une histoire en mouvement, où l’échange joue un rôle fondamental dans la construction et la diversification de la culture alimentaire à partir du XVIe siècle. En adoptant une perspective européenne et en mobilisant une historiographie variée, il propose une large synthèse sur l’alimentation à l’époque moderne et ouvre de nouvelles perspectives. Entre consommations et imaginaire, ce parcours historique à travers la diversité du boire et du manger permet de mieux comprendre, en s’intéressant à ses racines, l’alimentation d’aujourd’hui.
856 41 - ELECTRONIC LOCATION AND ACCESS
Uniform Resource Identifier <a href="https://shs.cairn.info/l-alimentation-en-europe-a-l-epoque-moderne--9782200244071?lang=fr&redirect-ssocas=7080">https://shs.cairn.info/l-alimentation-en-europe-a-l-epoque-moderne--9782200244071?lang=fr&redirect-ssocas=7080</a>

Pas d'exemplaire disponible.

PLUDOC

PLUDOC est la plateforme unique et centralisée de gestion des bibliothèques physiques et numériques de Guinée administré par le CEDUST. Elle est la plus grande base de données de ressources documentaires pour les Étudiants, Enseignants chercheurs et Chercheurs de Guinée.

Adresse

627 919 101/664 919 101

25 boulevard du commerce
Kaloum, Conakry, Guinée

Réseaux sociaux

Powered by Netsen Group @ 2025